Normal view MARC view

Entry Personal Name

Number of records used in: 1

001 - CONTROL NUMBER

  • control field: 9409

003 - CONTROL NUMBER IDENTIFIER

  • control field: DLC

005 - DATE AND TIME OF LATEST TRANSACTION

  • control field: 20230902152950.0

008 - FIXED-LENGTH DATA ELEMENTS

  • fixed length control field: 880504n| acannaab| |n aaa

010 ## - LIBRARY OF CONGRESS CONTROL NUMBER

  • LC control number: n 88064025

040 ## - CATALOGING SOURCE

  • Original cataloging agency: DLC
  • Transcribing agency: DLC
  • Modifying agency: DLC
  • Modifying agency: Uk
  • Modifying agency: DLC

100 1# - HEADING--PERSONAL NAME

  • Personal name: Luderer, Bernd

670 ## - SOURCE DATA FOUND

  • Source citation: Polishchuk, E.M. Continual means and boundary value problems in function spaces, 1988:
  • Information found: CIP t.p. verso (Bernd Luderer, Technische Universität, Sektion Mathematik, Karl-Marx-Stadt, GDR)

670 ## - SOURCE DATA FOUND

  • Source citation: Adam Ries and his "Coss," c2004:
  • Information found: t.p. (Bernd Luderer) verso t.p. (Prof. Dr. rer. nat. habil.; b. 1949, Chemnitz)

Powered by Koha